BUBT Library Online Catalog

Managerial Accounting : an Introduction To Concepts Methods and uses / (Record no. 1164)

000 -LEADER
fixed length control field 00702nam a2200217Ia 4500
003 - CONTROL NUMBER IDENTIFIER
control field BUBTL
008 - FIXED-LENGTH DATA ELEMENTS--GENERAL INFORMATION
fixed length control field 151213s9999 xx 000 0 und d
020 ## - INTERNATIONAL STANDARD BOOK NUMBER
International Standard Book Number 0030181933
082 ## - DEWEY DECIMAL CLASSIFICATION NUMBER
Classification number 658.1511/ M2777m/ 1997
100 ## - MAIN ENTRY--PERSONAL NAME
Personal name Maher I, Michael
9 (RLIN) 3630
245 ## - TITLE STATEMENT
Title Managerial Accounting : an Introduction To Concepts Methods and uses /
Statement of responsibility, etc. Michael Maher I Clyde P. Stickney & Roman L. Well
250 ## - EDITION STATEMENT
Edition statement 6th
260 ## - PUBLICATION, DISTRIBUTION, ETC. (IMPRINT)
Place of publication, distribution, etc. New York
Name of publisher, distributor, etc. Dryden
Date of publication, distribution, etc. c1997
300 ## - PHYSICAL DESCRIPTION
Extent [xxi], 668p . :
Other physical details ill. 23cm.
500 ## - GENERAL NOTE
General note Includes Index
650 ## - SUBJECT ADDED ENTRY--TOPICAL TERM
Topical term or geographic name as entry element Accounting
9 (RLIN) 3631
700 ## - ADDED ENTRY--PERSONAL NAME
Personal name Michal Maher I Clyde Stickney & Roman L. Well
9 (RLIN) 3630
856 ## - ELECTRONIC LOCATION AND ACCESS
Password 0
Logon 0
Link text Download
942 ## - ADDED ENTRY ELEMENTS (KOHA)
Source of classification or shelving scheme
Koha item type Books
Holdings
Withdrawn status Lost status Source of classification or shelving scheme Damaged status Not for loan Collection code Permanent location Current location Shelving location Date acquired Inventory number Total Checkouts Full call number Barcode Date last seen Copy number Price effective from Koha item type
          Non-fiction Bangladesh University of Business and Technology Library Bangladesh University of Business and Technology Library Accounting Stacks 10/15/2020 1404   658.1511/MAM BUBTL-20031404 10/15/2020 C-1 10/15/2020 Books

More Information About Library

Library Hours

  • Open: 9.00 am. to 9.00 pm.
  • Only Sunday: 9.00 am. to 6.00 pm.
  • Closed: Holiday

Contact to the University

Bangladesh University of Business and Technology Library

  • Mirpurl-2, 1216.
  • Phone:
  • Fax:
  • E-Mail: admin.library@bubt.edu.bd

Contact to the Library

Contact Person:

Md. Abdul Hakim Shah
Joint Librarian
PABX No:  113
Cell No: 01816332931
E-mail: official: admin.library@bubt.edu.bd
Personal: hakim.shah@bubt.edu.bd


BUBT Library

Copyright © 2021